LEADER 01072cam0-22004091i-450- 001 990007213220403321 005 20060315160518.0 010 $a88-7910-024-6 035 $a000721322 035 $aFED01000721322 035 $a(Aleph)000721322FED01 035 $a000721322 100 $a20021021d1985----km-y0itay50------ba 101 0 $aita 102 $aIT 105 $ay-------001yy 200 1 $a<>circoli della qualità$efilosofia, organizzazione, gestione ed esperienze italiane$fGiorgio Merli 210 $aRoma$cEd. Lavoro$d1985 215 $a158 p.$d23 cm 225 1 $aPercorsi$v9 676 $a658 676 $a18310 676 $aG/2.50 676 $aG/3 676 $aG/3.1 700 1$aMerli,$bGiorgio$08189 801 0$aIT$bUNINA$gRICA$2UNIMARC 901 $aBK 912 $a990007213220403321 952 $aB-II-51$b3147 LAV.$fDDRC 952 $aCOLLEZ. 1247 (9)$b11912$fFSPBC 952 $a18310 MER$b2614$fSES 959 $aDDRC 959 $aFSPBC 959 $aSES 996 $aCircoli della qualita$9325644 997 $aUNINA LEADER 01088nam--2200373---450- 001 990003112260203316 005 20080528105156.0 010 $a978-88-408-1410-0 035 $a000311226 035 $aUSA01000311226 035 $a(ALEPH)000311226USA01 035 $a000311226 100 $a20080528d2008----km-y0itay50------ba 101 $aita 102 $aIT 105 $a||||||||001yy 200 1 $a<> scrittura tecnico-scientifica$fEmilio Matricciani 210 $aMilano$cCEA$dcopyr. 2008 215 $aXV, 382 p.$d27 cm 410 0$12001 454 1$12001 606 0 $aPubblicazioni scientifiche$xCompilazione$2BNCF 676 $a808.0665 700 1$aMATRICCIANI,$bEmilio$0352608 801 0$aIT$bsalbc$gISBD 912 $a990003112260203316 951 $aIV.1. 1179$b207307 L.M.$cIV.1.$d00163611 959 $aBK 969 $aUMA 979 $aALESSANDRA$b90$c20080528$lUSA01$h1046 979 $aALESSANDRA$b90$c20080528$lUSA01$h1047 979 $aALESSANDRA$b90$c20080528$lUSA01$h1051 996 $aScrittura tecnico-scientifica$91020951 997 $aUNISA LEADER 01632nam0 22004213i 450 001 CUB0710942 005 20231121125500.0 020 $aIT$b1940 3496 100 $a20151120d1940 ||||0itac50 ba 101 | $aita 102 $ait 181 1$6z01$ai $bxxxe 182 1$6z01$an 200 1 $aIliade. Libro 6.$ftesto, traduzione e note a cura di Antonio Giusti 210 $aRoma$cAlbrighi, Segati e C.$d1940$eCittà di Castello$gTip. S. Lapi 215 $a16. p. 59 225 | $aBiblioteca classica. Scrittori greci e latini$v8 300 $aL. 5. 410 0$1001CUB0139508$12001 $aBiblioteca classica. Scrittori greci e latini$v8 606 $aOmero . Iliade. 6.$xCommenti$2FIR$3RMLC430053$9E 676 $a883.01$9Poesia epica e narrativa greca classica. Periodo antico, fino al 499 ca.$v22 700 0$aHomerus$3CFIV018814$4070$0155559 702 1$aGiusti$b, Antonio$f <1897-1944>$3RT1V034603$4070 790 0$aHomer$3AQ1V000332$zHomerus 790 0$aOmero$f $3CFIV023921$zHomerus 790 0$aGomer$3CFIV190232$zHomerus 790 0$aOmçros$3CFIV200481$zHomerus 790 0$aHomirus$3IEIV076086$zHomerus 790 0$aHom?ros$3SBNV037875$zHomerus 790 0$aHomère$3UFIV121655$zHomerus 801 3$aIT$bIT-01$c20151120 850 $aIT-FR0017 899 $aBiblioteca umanistica Giorgio Aprea$bFR0017 $eN 912 $aCUB0710942 950 0$aBiblioteca umanistica Giorgio Aprea$d 52DFV A 368$e 52BUN0000107275 VMB RS $fA $h20151120$i20151120 977 $a 52 996 $aIlias$913222 997 $aUNICAS